000 00345nam a2200133Ia 4500
005 20250729165808.0
008 250729s2019 xx 000 0 und d
041 _aeng
082 _a370.25 BHAE
100 _aBhasin Kamal
_9233197
245 _aExploring Masculinity
260 _aNew Delhi
_bwomen Unlimited
_c2019
650 _aEducation
_9233198
999 _c240161
_d240161